000
00203nam a2200109Ia 4500
100
_a
Microsoft
942
_c
BK
245
_a
MICROSOFT WINDOWS 3.1.
260
_b
#N/A
546
_a
ENGLISH
999
_c
33138
_d
33138